Lament for a silver-eyed woman /

Bibliographic Details
Main Author: Smith, Mary-Ann Tirone, 1944-
Format: Book
Language:English
Published: New York : Morrow, [1987]
Edition:1st ed.

MARC

Tag First Indicator Second Indicator Subfields
LEADER 00000cam a2200000 a 4500
001 in00000013417
005 20151007052451.0
008 861231s1987 nyu 00011 eng
010 |a  86033299  
020 |a 0688066143 :  |c $16.95 
035 |a (OCoLC)15082518 
035 |9 AAA7904AM 
040 |a DLC  |c DLC  |d TXA  |d UtOrBLW 
049 |a [Curr Col] TXAM  |c [A11486444] 
050 0 0 |a PS3569.M537736  |b L3 1987 
082 0 |a 813/.54  |2 19 
100 1 |a Smith, Mary-Ann Tirone,  |d 1944- 
245 1 0 |a Lament for a silver-eyed woman /  |c Mary-Ann Tirone Smith. 
250 |a 1st ed. 
264 1 |a New York :  |b Morrow,  |c [1987] 
264 4 |c ©1987 
300 |a 276 pages ;  |c 25 cm. 
336 |a text  |b txt  |2 rdacontent 
337 |a unmediated  |b n  |2 rdamedia 
338 |a volume  |b nc  |2 rdacarrier 
999 |a MARS 
999 f f |s a6e7c540-67c4-3c3f-bdbb-f5c4ed1910a4  |i 2356a053-72d5-367c-86a4-cc1597c0de97  |t 0 
952 f f |p ric  |a Texas A&M University  |b Rellis Campus  |c Joint Library Facility  |d Remote Storage  |t 0  |e PS3569 .M537736 L3 1987  |h Library of Congress classification  |i unmediated -- volume  |m A14811486444 
998 f f |a PS3569 .M537736 L3 1987  |t 0  |l Remote Storage